Capacidad y legitimación en derecho contractual

Gespeichert in:
Bibliographische Detailangaben
1. Verfasser: Sánchez Fontans, José (VerfasserIn)
Format: Buch
Sprache:Spanisch
Veröffentlicht: Montevideo Martín Bianchi Altuna 1953
Schlagworte:
Tags: Tag hinzufügen
Keine Tags, Fügen Sie den ersten Tag hinzu!

MARC

LEADER 00000nam a2200000 a 4500
001 UCS1402
003 CL-VaPUC
008 970509e19530000UY |||||||||||||||||spa|d
082 0 4 |a 346.022  |b SAN  |2 21 
100 0 |a Sánchez Fontans, José  |e author  |9 385819 
245 1 0 |a Capacidad y legitimación en derecho contractual 
300 |a 69 p 
942 |c BK 
945 |d 19970509 00:00:00  |a paguirre 
260 |a Montevideo  |b Martín Bianchi Altuna  |c 1953 
650 0 |a Derecho civil  |9 255013 
650 0 |a Contratos  |9 255153 
650 7 |a CAPACIDAD CIVIL  |2 CL-VaPUC  |9 385530 
650 0 |a Responsabilidad contractual  |9 256720 
583 |a last modification  |c 19970509 00:00:00  |k Rodrigo Vera 
999 |c 259495  |d 259493 
952 |0 0  |1 0  |4 0  |6 346_022000000000000_SAN_1953  |7 0  |8 A  |9 284247  |a BIBDER  |b BIBDER  |d 2019-11-19  |i 1848208  |o 346.022 SAN 1953  |p 1848208  |r 2023-01-25  |w 2019-11-19  |y BK  |k DER